Circuit designer's companion /
Bewaard in:
| Hoofdauteur: | |
|---|---|
| Formaat: | Boek |
| Taal: | English |
| Gepubliceerd in: |
Oxford [England] :
Butterworth-Heinemann,
1991.
|
| Onderwerpen: | |
| Tags: |
Voeg label toe
Geen labels, Wees de eerste die dit record labelt!
|
| Thư viện lưu trữ: | Mạng thư viện Đại học Đà Nẵng |
|---|
| LEADER | 00802cam a2200313 i 4500 | ||
|---|---|---|---|
| 001 | 000047108 | ||
| 003 | 6644 | ||
| 005 | 20030317094352.0 | ||
| 008 | 010322|1991 vm 000 eng | ||
| 020 | |a 075061756X (pbk.) | ||
| 040 | |a IRC |c IRC |d IRC | ||
| 041 | 0 | |a eng | |
| 082 | 1 | 4 | |a 621.3815 |b WI-T |
| 100 | 1 | |a Williams, Tim. | |
| 245 | 0 | 0 | |a Circuit designer's companion / |c Tim Williams. |
| 260 | |a Oxford [England] : |b Butterworth-Heinemann, |c 1991. | ||
| 300 | |a vi, 302p. : |b ill. | ||
| 630 | 0 | 4 | |a Electronic circuits. |
| 650 | 0 | 4 | |a Electronic circuit design. |
| OWN | |a DUT | ||
| 999 | |a From the UDN01 | ||
| TYP | |a Monograph | ||
| TYP | |a Printed language | ||
| 980 | |a Mạng thư viện Đại học Đà Nẵng | ||


